The Finnish legal system. (Record no. 3097)

MARC details
000 -LEADER
fixed length control field 00921cam a22002891 4500
001 - CONTROL NUMBER
control field 1233746
003 - CONTROL NUMBER IDENTIFIER
control field OSt
005 - DATE AND TIME OF LATEST TRANSACTION
control field 20230629140607.0
008 - FIXED-LENGTH DATA ELEMENTS--GENERAL INFORMATION
fixed length control field 710426s1966 fi ab b 000 0 eng
010 ## - LIBRARY OF CONGRESS CONTROL NUMBER
LC control number 68072514
040 ## - CATALOGING SOURCE
Original cataloging agency DLC
Transcribing agency DLC
Modifying agency DLC
041 1# - LANGUAGE CODE
Language code of text/sound track or separate title eng
Language code of original fin
043 ## - GEOGRAPHIC AREA CODE
Geographic area code e-fi---
050 00 - LIBRARY OF CONGRESS CALL NUMBER
Classification number KJT68
Item number .U68 1966
082 00 - DEWEY DECIMAL CLASSIFICATION NUMBER
Classification number 347.4897
-- 344.897
Edition number 19
Item number UOT
100 1# - MAIN ENTRY--PERSONAL NAME
Personal name Uotila, Jaakko,
Relator term comp.
245 14 - TITLE STATEMENT
Title The Finnish legal system.
Statement of responsibility, etc. Translated by Carl-Henrik Lundell.
260 ## - PUBLICATION, DISTRIBUTION, ETC. (IMPRINT)
Place of publication, distribution, etc. Helsinki,
Name of publisher, distributor, etc. Union of Finnish Lawyers Pub. Co.,
Date of publication, distribution, etc. 1966.
300 ## - PHYSICAL DESCRIPTION
Extent 263 p.
Other physical details illus., maps.
Dimensions 21 cm.
490 1# - SERIES STATEMENT
Series statement Publications of the Union of Finnish Lawyers,
Volume/sequential designation no. 26
504 ## - BIBLIOGRAPHY, ETC. NOTE
Bibliography, etc Includes bibliographies.
650 #0 - SUBJECT ADDED ENTRY--TOPICAL TERM
Topical term or geographic name as entry element Law
Geographic subdivision Finland.
830 #0 - SERIES ADDED ENTRY--UNIFORM TITLE
Uniform title Publications of the Union of Finnish Lawyers ;
Volume number/sequential designation n:o 26.
906 ## - LOCAL DATA ELEMENT F, LDF (RLIN)
a 7
b cbc
c orignew
d u
e opcn
f 19
g y-gencatlg
942 ## - ADDED ENTRY ELEMENTS (KOHA)
Source of classification or shelving scheme Dewey Decimal Classification
Koha item type Books
Holdings
Withdrawn status Lost status Source of classification or shelving scheme Damaged status Not for loan Home library Current library Date acquired Total Checkouts Full call number Barcode Date last seen Price effective from Koha item type
    Dewey Decimal Classification     County Hall Archives County Hall Archives 06/29/2023   347.4897 UOT 10000345 06/29/2023 06/29/2023 Books
LIBRARY OPENING HOURS

When the Parliament is sitting: 8.00a.m - 7.00p.m or until the house adjourns
Mondays and Fridays and when the House is on Recess:  8.00a.m - 5.00p.m
Closed on Weekends and Public Holidays

Online Public Access Catalog (OPAC)
Website: http://www.parliament.go.ke
Bunge Library: https://libraryir.parliament.go.ke
Contact: library@parliament.go.ke | Tel no: (254-2)2221291 or 2848000 Ext 5043